Bossa de paper de color vermell amb el logotip corporatiu de la Diputació de Barcelona
Descripción Física:
1 bossa de paper ; 37 x 32 cm
MARC
| LEADER | 00000nrm a2200000Ia 4500 | ||
|---|---|---|---|
| 001 | 24496 | ||
| 008 | 160829s9999 xx 000 0 cat d | ||
| 080 | |a NBM-11-15 | ||
| 245 | |a Bossa de paper de color vermell amb el logotip corporatiu de la Diputació de Barcelona |h [Bossa] | ||
| 260 | |a [Barcelona] : |b [Diputació de Barcelona], [s.a.] | ||
| 300 | |a 1 bossa de paper ; |c 37 x 32 cm | ||
| 500 | |a Títol facilitat pel catalogador | ||
| 650 | 0 | |9 54098 |a Objectes publicitaris | |
| 655 | 0 | |a Bosses |9 54970 | |
| 710 | 1 | |a Barcelona (Catalunya : Província). |b Diputació |9 52408 | |
| 901 | |a Arxiu | ||
| 942 | |n 1 |2 udc | ||
| 952 | |0 0 |1 0 |4 0 |6 NBM1115 |7 1 |9 55158 |a Arxiu |b Arxiu |d 2016-12-01 |l 0 |o NBM-11-15 |p 24496 |r 2016-12-01 00:00:00 |w 2016-12-01 |y ARXIU | ||
| 999 | |c 59030 |d 59030 | ||